| 000 | 00736nam a2200181Ia 4500 | ||
|---|---|---|---|
| 008 | 100921s9999 xx 000 0 und d | ||
| 082 |
_b18642 _a808.068 थ 82 |
||
| 100 | _aदांडेकर मालती. | ||
| 245 | _aभोळा जावई सोळा आणे पसंत. | ||
| 260 |
_bपुणे विद्यार्थीगृह प्रकाशन,पुणे. _c1982 |
||
| 300 |
_a68 _b--- |
||
| 365 | _b6 | ||
| 520 | _aललित-बालवाङ्रमय. | ||
| 630 | _aभोळा जावई सोळा आणे पसंत. | ||
| 650 | _aललित-बालवाङ्रमय. | ||
| 730 | _aभोळा जावई सोळा आणे पसंत. | ||
| 942 | _cBOOK | ||
| 999 |
_c767755 _d767752 |
||